000 00877nam a2200205Ia 4500
003 OSt
005 20240318122659.0
008 210210b2012 xxu||||| |||| 00| 0 eng d
020 _a9789381055403
040 _cAL
041 _aKannada
082 _aK894.8 SHAS
100 _aSHANKARA MOKASHI PUNEKARA
_dಶಂಕರ ಮೊಕಾಶಿ ಪುಣೇಕರ
_9155128
245 _aShankara mokashi punekara samasta sahitya-1: Mahati Pashchatya sahitya samskratigala taulanika chintane
_bಶಂಕರ ಮೊಕಾಶಿ ಪುಣೇಕರರ ಸಮಸ್ತ ಸಾಹಿತ್ಯ ೧ : ಮಹತಿ ಪಾಶ್ಚಾತ್ಯ ಸಾಹಿತ್ಯ ಸಂಸ್ಕೃತಿಗಳ ತೌಲನಿಕ ಚಿಂತನೆ
260 _aBengaluru
_bAbhinav Prakashan
_c2012
300 _axvi,316
690 _aKannada Collections
_9155140
906 _a067322
942 _2ddc
_cBK
999 _c149697
_d149697